[Event "ESP-chT 2nd Division 2019"]
[Site "Linares"]
[Date "2019.08.20"]
[Round "3.19"]
[White "Alvarez Serrano, Carlos"]
[Black "Abal Cores, Lucas"]
[Result "1/2-1/2"]
[WhiteElo "2244"]
[BlackElo "2290"]
[Annotator "NA"]
[PlyCount "76"]
[EventDate "2019.08.19"]
[EventType "team-tourn"]
[EventCountry "ESP"]
[SourceTitle "playchess.com"]
[Source "ChessBase"]
[SourceQuality "1"]
[TimeControl "5400+30"]

1. d4 {[%emt 0:00:39]} f5 {[%emt 0:00:00]} 2. Nf3 {[%emt 0:00:05]} Nf6 {[%emt 0:00:00]} 3. g3 {[%emt 0:00:05]} g6 {[%emt 0:00:14]} 4. Bg2 {[%emt 0:00:05]} Bg7 {[%emt 0:00:05]} 5. O-O {[%emt 0:00:05]} O-O {[%emt 0:00:09]} 6. Nc3 {[%emt 0:00:04]} d5 {[%emt 0:00:05]} 7. Bf4 {[%emt 0:02:09]} c6 {[%emt 0:00:06]} 8. Qc1 {[%emt 0:00:49]} Re8 {[%emt 0:01:36]} 9. Nd1 {[%emt 0:03:06]} Nbd7 {[%emt 0:09:28]} 10. c4 {[%emt 0:00:15]} e6 {[%emt 0:00:06]} 11. b3 {[%emt 0:00:07]} Ne4 {[%emt 0:01:06]} 12. Nb2 {[%emt 0:02:18]} g5 {[%emt 0:15:33]} 13. Be5 {[%emt 0:14:38]} Nxe5 {[%emt 0:07:12]} 14. Nxe5 {[%emt 0:00:10]} dxc4 {[%emt 0:01:08]} 15. Nbxc4 {[%emt 0:09:15]} h6 {[%emt 0:14:12]} 16. Bxe4 {[%emt 0:05:20]} fxe4 {[%emt 0:00:02]} 17. Qe3 {[%emt 0:00:10]} Qd5 {[%emt 0:02:55]} 18. Qc3 {[%emt 0:12:15]} c5 {[%emt 0:09:06]} 19. e3 {[%emt 0:02:16]} b5 {[%emt 0:02:06]} 20. Na5 {[%emt 0:00:33]} Ba6 {[%emt 0:12:33]} 21. b4 {[%emt 0:04:47]} Rac8 {[%emt 0:01:21]} 22. Qb2 c4 {[%emt 0:02:07]} 23. Rac1 {[%emt 0:04:59]} Red8 {[%emt 0:01:09]} 24. Rfd1 {[%emt 0:02:47]} Bxe5 {[%emt 0:02:48]} 25. dxe5 {[%emt 0:00:02]} Qxd1+ {[%emt 0:00:08]} 26. Rxd1 {[%emt 0:00:01]} Rxd1+ {[%emt 0:00:12]} 27. Kg2 {[%emt 0:00:01]} c3 {[%emt 0:02:47]} 28. Qc2 {[%emt 0:00:01]} Rd3 {[%emt 0:02:28]} 29. Nb3 {[%emt 0:00:00]} Rc4 {[%emt 0:01:07]} 30. Nc5 {[%emt 0:01:10]} Rd2 31. Qc1 Bc8 {[%emt 0:01:04]} 32. a3 {[%emt 0:05:29]} Kg7 33. h4 {[%emt 0:00:24]} Rd5 {[%emt 0:04:48]} 34. hxg5 {[%emt 0:00:52]} Rxe5 {[%emt 0:04:29]} 35. gxh6+ {[%emt 0:00:23]} Kxh6 {[%emt 0:00:43]} 36. g4 {[%emt 0:02:22]} Rg5 {[%emt 0:01:13]} 37. Qh1+ {[%emt 0:01:58]} Kg6 {[%emt 0:00:11]} 38. Qh8 {[%emt 0:00:06]} Rgxc5 {[%emt 0:00:09]} 1/2-1/2

[Event "ESP-chT 2nd Division 2019"]
[Site "Linares"]
[Date "2019.08.20"]
[Round "3.20"]
[White "Dorado Meijide, Andrea"]
[Black "Jimenez Fernandez, Rebeca"]
[Result "0-1"]
[WhiteElo "1762"]
[BlackElo "1928"]
[Annotator "NA"]
[PlyCount "66"]
[EventDate "2019.08.19"]
[EventType "team-tourn"]
[EventCountry "ESP"]
[SourceTitle "playchess.com"]
[Source "ChessBase"]
[SourceQuality "1"]
[TimeControl "5400+30"]

1. e4 {[%emt 0:00:00]} c5 {[%emt 0:00:00]} 2. Nf3 {[%emt 0:00:00]} Nc6 {[%emt 0:00:00]} 3. d4 {[%emt 0:00:00]} cxd4 {[%emt 0:00:00]} 4. Nxd4 {[%emt 0:00:00]} g6 {[%emt 0:00:00]} 5. c4 {[%emt 0:00:12]} Bg7 {[%emt 0:00:00]} 6. Be3 {[%emt 0:00:08]} d6 {[%emt 0:00:18]} 7. Nc3 {[%emt 0:00:16]} Nf6 {[%emt 0:00:06]} 8. Be2 {[%emt 0:00:11]} Bd7 {[%emt 0:00:16]} 9. h3 {[%emt 0:00:59]} O-O {[%emt 0:00:46]} 10. O-O {[%emt 0:00:07]} Nxd4 {[%emt 0:00:06]} 11. Bxd4 {[%emt 0:00:06]} Bc6 {[%emt 0:00:13]} 12. Qc2 {[%emt 0:01:09]} a5 {[%emt 0:00:56]} 13. Rad1 {[%emt 0:00:35]} Nd7 {[%emt 0:02:58]} 14. Bxg7 {[%emt 0:00:40]} Kxg7 {[%emt 0:00:06]} 15. Bg4 {[%emt 0:00:11]} Ne5 {[%emt 0:02:21]} 16. c5 {[%emt 0:02:43]} Nxg4 {[%emt 0:10:35]} 17. hxg4 {[%emt 0:00:17]} Bd7 {[%emt 0:01:54]} 18. cxd6 {[%emt 0:07:43]} Bxg4 {[%emt 0:00:51]} 19. f3 {[%emt 0:01:53]} Be6 {[%emt 0:02:10]} 20. dxe7 {[%emt 0:09:26]} Qxe7 {[%emt 0:00:29]} 21. Nd5 {[%emt 0:00:08]} Bxd5 {[%emt 0:06:59]} 22. Qc3+ {[%emt 0:01:11]} Kg8 {[%emt 0:05:20]} 23. Rxd5 {[%emt 0:00:29]} Rfc8 {[%emt 0:01:45]} 24. Qd2 {[%emt 0:02:40]} Rc5 {[%emt 0:08:51]} 25. Rd7 {[%emt 0:07:37]} Qf6 {[%emt 0:01:12]} 26. Rxb7 {[%emt 0:08:52]} Rd8 {[%emt 0:00:31]} 27. Qe3 {[%emt 0:16:30]} Rc2 {[%emt 0:01:22]} 28. Rb6 {[%emt 0:07:24]} Qh4 {[%emt 0:01:56]} 29. f4 {[%emt 0:08:47]} Rdd2 {[%emt 0:02:38]} 30. Qf3 {[%emt 0:00:02]} Rxg2+ {[%emt 0:02:02]} 31. Qxg2 {[%emt 0:00:06]} Rxg2+ {[%emt 0:00:05]} 32. Kxg2 {[%emt 0:00:08]} Qg4+ {[%emt 0:00:09]} 33. Kh2 {[%emt 0:02:52]} Qe2+ {[%emt 0:00:07]} 0-1

[Event "ESP-chT 2nd Division 2019"]
[Site "Linares"]
[Date "2019.08.20"]
[Round "3.21"]
[White "Gamundi Salamanca, Antonio"]
[Black "Diaz Camallonga, Carles"]
[Result "1/2-1/2"]
[WhiteElo "2444"]
[BlackElo "2436"]
[Annotator "NA"]
[PlyCount "66"]
[EventDate "2019.08.19"]
[EventType "team-tourn"]
[EventCountry "ESP"]
[SourceTitle "playchess.com"]
[Source "ChessBase"]
[SourceQuality "1"]
[TimeControl "5400+30"]

1. d4 {[%emt 0:00:00]} e6 {[%emt 0:00:00]} 2. Bf4 {[%emt 0:00:02]} Nf6 {[%emt 0:00:00]} 3. e3 {[%emt 0:00:08]} d5 {[%emt 0:00:00]} 4. Nd2 {[%emt 0:00:49]} c5 {[%emt 0:00:03]} 5. c3 {[%emt 0:00:05]} Nc6 {[%emt 0:00:03]} 6. Ngf3 {[%emt 0:00:50]} Bd6 {[%emt 0:00:06]} 7. dxc5 {[%emt 0:02:23]} Bxc5 8. Bd3 {[%emt 0:00:52]} h6 {[%emt 0:12:28]} 9. h3 {[%emt 0:00:36]} Bd6 {[%emt 0:04:26]} 10. Bxd6 {[%emt 0:00:22]} Qxd6 {[%emt 0:00:04]} 11. e4 {[%emt 0:03:04]} O-O {[%emt 0:00:53]} 12. Qe2 {[%emt 0:02:19]} Nd7 {[%emt 0:08:51]} 13. O-O {[%emt 0:05:13]} b6 {[%emt 0:10:01]} 14. Rfe1 {[%emt 0:04:46]} Nde5 {[%emt 0:00:30]} 15. exd5 {[%emt 0:00:51]} Nxd3 {[%emt 0:02:26]} 16. Qxd3 {[%emt 0:00:02]} Rd8 {[%emt 0:01:01]} 17. Rad1 {[%emt 0:06:33]} Qxd5 {[%emt 0:00:05]} 18. Qxd5 {[%emt 0:00:05]} Rxd5 {[%emt 0:16:21]} 19. Ne4 Ne7 20. Nd6 {[%emt 0:06:36]} Ba6 {[%emt 0:00:33]} 21. Rxd5 {[%emt 0:03:51]} Nxd5 {[%emt 0:00:06]} 22. Ne5 f6 {[%emt 0:09:23]} 23. Nc6 {[%emt 0:02:53]} e5 {[%emt 0:00:04]} 24. c4 {[%emt 0:00:34]} Nf4 {[%emt 0:01:08]} 25. b4 {[%emt 0:00:23]} Kf8 {[%emt 0:02:23]} 26. Re3 {[%emt 0:05:55]} Bc8 {[%emt 0:05:58]} 27. Ra3 {[%emt 0:10:16]} a6 {[%emt 0:00:52]} 28. Nxc8 {[%emt 0:04:10]} Rxc8 {[%emt 0:00:05]} 29. b5 {[%emt 0:00:09]} axb5 {[%emt 0:00:04]} 30. cxb5 {[%emt 0:00:12]} Ne2+ {[%emt 0:02:55]} 31. Kf1 {[%emt 0:00:34]} Nd4 {[%emt 0:00:03]} 32. Nxd4 {[%emt 0:08:34]} exd4 {[%emt 0:00:19]} 33. Ra6 {[%emt 0:00:39]} Rc2 1/2-1/2

[Event "ESP-chT 2nd Division 2019"]
[Site "Linares"]
[Date "2019.08.20"]
[Round "3.22"]
[White "Perpinya Rofes, Lluis Maria"]
[Black "Perez Garcia, Alejandro"]
[Result "1/2-1/2"]
[WhiteElo "2319"]
[BlackElo "2347"]
[Annotator "NA"]
[PlyCount "65"]
[EventDate "2019.08.19"]
[EventType "team-tourn"]
[EventCountry "ESP"]
[SourceTitle "playchess.com"]
[Source "ChessBase"]
[SourceQuality "1"]
[TimeControl "5400+30"]

1. e4 {[%emt 0:00:00]} c6 {[%emt 0:00:00]} 2. d4 {[%emt 0:00:00]} d5 {[%emt 0:00:00]} 3. Nc3 {[%emt 0:00:05]} dxe4 {[%emt 0:00:08]} 4. Nxe4 {[%emt 0:00:10]} Bf5 {[%emt 0:00:27]} 5. Ng3 {[%emt 0:00:16]} Bg6 {[%emt 0:00:04]} 6. h4 {[%emt 0:00:20]} h6 {[%emt 0:00:10]} 7. Nf3 {[%emt 0:00:12]} Nd7 {[%emt 0:00:12]} 8. h5 {[%emt 0:00:08]} Bh7 {[%emt 0:00:04]} 9. Bd3 {[%emt 0:00:13]} Bxd3 {[%emt 0:00:08]} 10. Qxd3 {[%emt 0:00:08]} e6 {[%emt 0:00:27]} 11. Bd2 {[%emt 0:02:01]} Ngf6 {[%emt 0:01:14]} 12. O-O-O {[%emt 0:00:32]} Be7 {[%emt 0:00:05]} 13. Ne4 {[%emt 0:01:36]} Nxe4 {[%emt 0:01:06]} 14. Qxe4 {[%emt 0:00:08]} Nf6 {[%emt 0:00:07]} 15. Qe2 {[%emt 0:00:38]} Qd5 {[%emt 0:00:42]} 16. c4 {[%emt 0:07:39]} Qe4 {[%emt 0:00:09]} 17. Qxe4 {[%emt 0:03:05]} Nxe4 {[%emt 0:00:06]} 18. Be3 {[%emt 0:00:30]} O-O {[%emt 0:01:58]} 19. Ne5 {[%emt 0:12:24]} Rac8 {[%emt 0:01:46]} 20. g4 {[%emt 0:09:32]} Rfd8 {[%emt 0:16:27]} 21. f3 {[%emt 0:06:58]} Nf6 {[%emt 0:09:37]} 22. Kc2 {[%emt 0:01:05]} b5 {[%emt 0:03:04]} 23. b3 {[%emt 0:01:49]} Nd7 {[%emt 0:01:38]} 24. a4 {[%emt 0:17:31]} bxa4 {[%emt 0:18:22]} 25. bxa4 {[%emt 0:01:14]} c5 {[%emt 0:00:42]} 26. Nxd7 {[%emt 0:09:05]} Rxd7 {[%emt 0:00:09]} 27. d5 {[%emt 0:00:33]} Rb8 {[%emt 0:04:01]} 28. dxe6 {[%emt 0:03:34]} Rdb7 {[%emt 0:00:11]} 29. exf7+ {[%emt 0:00:48]} Kxf7 {[%emt 0:00:05]} 30. Rb1 {[%emt 0:00:23]} Rb4 {[%emt 0:00:19]} 31. Rxb4 {[%emt 0:07:31]} Rxb4 {[%emt 0:00:39]} 32. Kd3 Ke8 33. Ke4 1/2-1/2

[Event "ESP-chT 2nd Division 2019"]
[Site "Linares"]
[Date "2019.08.20"]
[Round "3.23"]
[White "Gavilan Diaz, Mario"]
[Black "Campos Cayuelas, Adria"]
[Result "0-1"]
[WhiteElo "2318"]
[BlackElo "2157"]
[Annotator "NA"]
[PlyCount "78"]
[EventDate "2019.08.19"]
[EventType "team-tourn"]
[EventCountry "ESP"]
[SourceTitle "playchess.com"]
[Source "ChessBase"]
[SourceQuality "1"]
[TimeControl "5400+30"]

1. e4 {[%emt 0:01:58]} e6 {[%emt 0:00:01]} 2. d4 {[%emt 0:00:34]} d5 {[%emt 0:00:09]} 3. Nc3 {[%emt 0:00:44]} Nf6 {[%emt 0:01:29]} 4. e5 {[%emt 0:00:40]} Nfd7 {[%emt 0:00:06]} 5. f4 {[%emt 0:01:12]} c5 {[%emt 0:01:03]} 6. Nf3 {[%emt 0:00:56]} Nc6 {[%emt 0:00:45]} 7. Be3 {[%emt 0:01:32]} a6 {[%emt 0:00:52]} 8. Qd2 {[%emt 0:06:07]} b5 {[%emt 0:00:39]} 9. dxc5 {[%emt 0:03:31]} Bxc5 {[%emt 0:01:44]} 10. Bd3 Qb6 {[%emt 0:01:07]} 11. Bf2 {[%emt 0:08:31]} Bxf2+ {[%emt 0:10:56]} 12. Qxf2 {[%emt 0:00:10]} Bb7 {[%emt 0:00:50]} 13. Qxb6 {[%emt 0:11:09]} Nxb6 {[%emt 0:00:10]} 14. a4 {[%emt 0:00:55]} b4 {[%emt 0:01:45]} 15. Ne2 {[%emt 0:00:53]} a5 {[%emt 0:01:05]} 16. Bb5 {[%emt 0:04:46]} Ke7 {[%emt 0:00:53]} 17. Bxc6 {[%emt 0:02:01]} Bxc6 {[%emt 0:01:09]} 18. b3 {[%emt 0:03:44]} Nd7 19. Ned4 Rhc8 {[%emt 0:00:57]} 20. O-O {[%emt 0:09:22]} g6 {[%emt 0:02:32]} 21. g4 {[%emt 0:03:05]} Nc5 {[%emt 0:01:22]} 22. Nd2 {[%emt 0:07:08]} Ne4 {[%emt 0:02:40]} 23. N2f3 {[%emt 0:10:19]} Bb7 {[%emt 0:01:51]} 24. Ng5 {[%emt 0:09:16]} h6 {[%emt 0:01:20]} 25. Nxe4 {[%emt 0:03:56]} dxe4 {[%emt 0:00:06]} 26. Rf2 {[%emt 0:04:13]} Rc5 {[%emt 0:01:15]} 27. Re1 {[%emt 0:01:48]} Rac8 {[%emt 0:04:29]} 28. Nb5 {[%emt 0:01:07]} Bd5 {[%emt 0:02:42]} 29. Nd4 {[%emt 0:01:49]} Rc3 {[%emt 0:01:20]} 30. Rfe2 {[%emt 0:01:37]} Ba8 {[%emt 0:04:21]} 31. Re3 {[%emt 0:01:37]} Rxe3 {[%emt 0:00:31]} 32. Rxe3 {[%emt 0:00:01]} Rd8 {[%emt 0:00:09]} 33. Nb5 {[%emt 0:00:24]} Rd2 {[%emt 0:01:23]} 34. c3 {[%emt 0:00:12]} bxc3 {[%emt 0:03:24]} 35. Rxc3 {[%emt 0:00:14]} Bd5 {[%emt 0:00:57]} 36. Nd6 {[%emt 0:00:44]} Rd3 {[%emt 0:01:29]} 37. Rc7+ {[%emt 0:00:39]} Kd8 {[%emt 0:00:19]} 38. Ra7 {[%emt 0:01:05]} e3 {[%emt 0:00:27]} 39. Kf1 {[%emt 0:00:53]} Bf3 {[%emt 0:00:12]} 0-1

[Event "ESP-chT 2nd Division 2019"]
[Site "Linares"]
[Date "2019.08.20"]
[Round "3.24"]
[White "Fernandez Aguilar, Francisco"]
[Black "Perera Borrego, Maria Adela"]
[Result "0-1"]
[WhiteElo "2064"]
[BlackElo "2186"]
[Annotator "NA"]
[PlyCount "126"]
[EventDate "2019.08.19"]
[EventType "team-tourn"]
[EventCountry "ESP"]
[SourceTitle "playchess.com"]
[Source "ChessBase"]
[SourceQuality "1"]
[TimeControl "5400+30"]

1. Nf3 {[%emt 0:00:00]} Nf6 {[%emt 0:00:00]} 2. g3 {[%emt 0:00:11]} b6 {[%emt 0:00:45]} 3. Bg2 {[%emt 0:00:07]} Bb7 {[%emt 0:00:04]} 4. O-O {[%emt 0:00:08]} d5 {[%emt 0:00:29]} 5. d4 {[%emt 0:01:03]} c5 {[%emt 0:00:51]} 6. c4 {[%emt 0:03:45]} e6 {[%emt 0:07:43]} 7. cxd5 {[%emt 0:05:34]} exd5 {[%emt 0:01:09]} 8. Nc3 {[%emt 0:00:48]} Nc6 {[%emt 0:10:12]} 9. Bg5 {[%emt 0:04:34]} c4 {[%emt 0:23:33]} 10. Bxf6 {[%emt 0:12:35]} gxf6 {[%emt 0:00:17]} 11. Nh4 {[%emt 0:03:25]} Ne7 {[%emt 0:04:01]} 12. e3 {[%emt 0:03:17]} Qd7 {[%emt 0:03:08]} 13. Qf3 {[%emt 0:13:45]} Bg7 {[%emt 0:01:28]} 14. b3 {[%emt 0:04:57]} b5 {[%emt 0:05:36]} 15. bxc4 {[%emt 0:00:25]} bxc4 {[%emt 0:00:10]} 16. Bh1 {[%emt 0:05:31]} Rd8 {[%emt 0:03:29]} 17. Rab1 {[%emt 0:01:28]} Bc6 {[%emt 0:00:47]} 18. Ng2 {[%emt 0:03:33]} Ng6 {[%emt 0:05:08]} 19. h4 {[%emt 0:02:30]} f5 {[%emt 0:07:36]} 20. Nf4 {[%emt 0:05:46]} Nxf4 {[%emt 0:03:25]} 21. Qxf4 {[%emt 0:00:10]} O-O {[%emt 0:01:44]} 22. Bg2 {[%emt 0:01:24]} Qe6 {[%emt 0:04:10]} 23. Bh3 {[%emt 0:01:04]} Bd7 {[%emt 0:01:09]} 24. Qf3 {[%emt 0:05:50]} Bc8 {[%emt 0:02:29]} 25. Bg2 {[%emt 0:04:48]} Qa6 {[%emt 0:00:23]} 26. Nxd5 {[%emt 0:01:40]} Qd6 {[%emt 0:05:05]} 27. Rfc1 {[%emt 0:01:59]} Be6 {[%emt 0:00:58]} 28. Nf4 {[%emt 0:01:05]} Rc8 {[%emt 0:00:17]} 29. Bf1 {[%emt 0:05:38]} c3 {[%emt 0:00:43]} 30. Rc2 {[%emt 0:00:51]} Rc7 {[%emt 0:00:49]} 31. Rbc1 {[%emt 0:00:25]} Rfc8 {[%emt 0:00:43]} 32. Nd3 {[%emt 0:01:25]} f4 {[%emt 0:04:27]} 33. Qxf4 {[%emt 0:01:36]} Qxf4 {[%emt 0:00:45]} 34. Nxf4 {[%emt 0:00:44]} Bf5 {[%emt 0:00:43]} 35. Bd3 {[%emt 0:00:35]} Bxd3 {[%emt 0:00:26]} 36. Nxd3 {[%emt 0:00:02]} Bf8 {[%emt 0:00:05]} 37. Nf4 {[%emt 0:00:59]} Ba3 {[%emt 0:00:28]} 38. Rb1 {[%emt 0:03:21]} Rc4 {[%emt 0:00:37]} 39. Rb3 {[%emt 0:00:40]} Bd6 {[%emt 0:02:48]} 40. Nd5 {[%emt 0:00:44]} Ra4 {[%emt 0:00:09]} 41. Rbxc3 {[%emt 0:00:32]} Rxc3 {[%emt 0:00:05]} 42. Nxc3 {[%emt 0:00:14]} Rc4 {[%emt 0:00:12]} 43. Kf1 {[%emt 0:01:32]} Bb4 {[%emt 0:00:11]} 44. Nd5 {[%emt 0:00:48]} Rxc2 {[%emt 0:00:07]} 45. Nxb4 {[%emt 0:00:02]} Rb2 {[%emt 0:00:26]} 46. a3 {[%emt 0:00:17]} Rb3 {[%emt 0:00:12]} 47. d5 {[%emt 0:00:39]} Kf8 {[%emt 0:00:17]} 48. e4 {[%emt 0:00:53]} Rxa3 {[%emt 0:00:45]} 49. Ke2 {[%emt 0:00:30]} f6 {[%emt 0:02:05]} 50. d6 {[%emt 0:00:25]} Kf7 {[%emt 0:01:05]} 51. d7 {[%emt 0:00:38]} Ke7 {[%emt 0:00:10]} 52. Nd5+ {[%emt 0:00:06]} Kxd7 {[%emt 0:00:04]} 53. Nxf6+ {[%emt 0:00:08]} Ke6 {[%emt 0:00:25]} 54. Nxh7 {[%emt 0:01:07]} a5 {[%emt 0:00:01]} 55. f4 {[%emt 0:00:45]} Rxg3 {[%emt 0:00:11]} 56. Ng5+ {[%emt 0:00:21]} Ke7 {[%emt 0:01:06]} 57. e5 {[%emt 0:00:40]} a4 {[%emt 0:01:07]} 58. f5 {[%emt 0:00:23]} a3 {[%emt 0:00:32]} 59. f6+ {[%emt 0:00:06]} Ke8 {[%emt 0:00:56]} 60. e6 {[%emt 0:00:05]} Rxg5 {[%emt 0:00:28]} 61. hxg5 {[%emt 0:00:37]} a2 {[%emt 0:00:03]} 62. g6 {[%emt 0:00:59]} a1=Q {[%emt 0:00:10]} 63. g7 {[%emt 0:00:06]} Qe5+ 0-1

[Event "ESP-chT 2nd Division 2019"]
[Site "Linares"]
[Date "2019.08.20"]
[Round "3.25"]
[White "Terron Elena, Francisco M."]
[Black "Lopez Atay, Diana Ruth"]
[Result "1-0"]
[WhiteElo "2167"]
[BlackElo "1920"]
[Annotator "NA"]
[PlyCount "63"]
[EventDate "2019.08.19"]
[EventType "team-tourn"]
[EventCountry "ESP"]
[SourceTitle "playchess.com"]
[Source "ChessBase"]
[SourceQuality "1"]
[TimeControl "5400+30"]

1. d4 {[%emt 0:00:00]} e6 {[%emt 0:00:00]} 2. Nf3 {[%emt 0:01:16]} b6 {[%emt 0:00:12]} 3. e4 {[%emt 0:01:05]} Bb7 {[%emt 0:00:27]} 4. Bd3 {[%emt 0:01:32]} d6 {[%emt 0:06:06]} 5. c4 {[%emt 0:03:56]} Nd7 {[%emt 0:00:51]} 6. Nc3 {[%emt 0:00:27]} Ngf6 {[%emt 0:02:19]} 7. O-O {[%emt 0:02:13]} Be7 {[%emt 0:01:25]} 8. Re1 {[%emt 0:05:43]} e5 {[%emt 0:01:53]} 9. b3 {[%emt 0:06:40]} O-O {[%emt 0:04:29]} 10. Bb2 {[%emt 0:00:26]} Re8 {[%emt 0:02:43]} 11. Qc2 {[%emt 0:09:54]} Bf8 {[%emt 0:03:39]} 12. Bf1 {[%emt 0:04:01]} exd4 {[%emt 0:07:53]} 13. Nxd4 {[%emt 0:00:38]} Nc5 {[%emt 0:01:11]} 14. f3 {[%emt 0:01:11]} Nh5 {[%emt 0:05:01]} 15. Rad1 {[%emt 0:06:37]} Ne6 {[%emt 0:05:47]} 16. Nd5 {[%emt 0:05:28]} Nxd4 {[%emt 0:05:32]} 17. Bxd4 {[%emt 0:00:26]} Re6 {[%emt 0:02:14]} 18. g4 {[%emt 0:06:55]} c6 {[%emt 0:10:15]} 19. Ne3 {[%emt 0:06:43]} Nf4 {[%emt 0:03:20]} 20. Bb2 {[%emt 0:04:00]} h5 {[%emt 0:03:08]} 21. Nf5 {[%emt 0:06:12]} hxg4 {[%emt 0:01:53]} 22. fxg4 {[%emt 0:00:35]} g6 {[%emt 0:06:23]} 23. Qc3 {[%emt 0:01:33]} f6 {[%emt 0:02:57]} 24. Qg3 {[%emt 0:00:44]} g5 {[%emt 0:02:21]} 25. e5 {[%emt 0:02:14]} fxe5 {[%emt 0:01:28]} 26. Bxe5 {[%emt 0:00:25]} Qe8 {[%emt 0:02:19]} 27. Bxd6 {[%emt 0:02:28]} Ne2+ {[%emt 0:02:37]} 28. Bxe2 {[%emt 0:00:57]} Rxe2 {[%emt 0:00:16]} 29. Bxf8 {[%emt 0:00:59]} Kxf8 {[%emt 0:01:52]} 30. Rxe2 {[%emt 0:00:26]} Qxe2 {[%emt 0:00:12]} 31. Re1 {[%emt 0:00:34]} Qd2 {[%emt 0:00:56]} 32. Qe5 {[%emt 0:00:13]} 1-0

[Event "ESP-chT 2nd Division 2019"]
[Site "Linares"]
[Date "2019.08.20"]
[Round "3.26"]
[White "Lopez Mulet, Inigo"]
[Black "Rios, Cristhian Camilo"]
[Result "1-0"]
[WhiteElo "2397"]
[BlackElo "2530"]
[Annotator "ChessBase"]
[PlyCount "127"]
[EventDate "2019.08.19"]
[EventType "team-tourn"]
[EventCountry "ESP"]
[SourceTitle "playchess.com"]
[Source "ChessBase"]
[SourceQuality "1"]
[TimeControl "5400+30"]

1. d4 {[%emt 0:00:00]} Nf6 {[%emt 0:00:00]} 2. c4 {[%emt 0:00:00]} e6 {[%emt 0:00:04]} 3. g3 {[%emt 0:00:00]} d5 {[%emt 0:00:06]} 4. Nf3 {[%emt 0:00:14]} dxc4 {[%emt 0:00:09]} 5. Bg2 {[%emt 0:00:11]} a6 {[%emt 0:00:21]} 6. O-O {[%emt 0:00:28]} Nc6 {[%emt 0:00:08]} 7. e3 {[%emt 0:01:30]} Bd7 {[%emt 0:00:08]} 8. Qe2 {[%emt 0:02:41]} b5 {[%emt 0:00:09]} 9. b3 {[%emt 0:17:05]} cxb3 {[%emt 0:05:20]} 10. axb3 {[%emt 0:00:06]} Bb4 {[%emt 0:00:45]} 11. Bb2 {[%emt 0:04:26]} O-O {[%emt 0:03:00]} 12. Rc1 {[%emt 0:01:48]} Nd5 {[%emt 0:05:36]} 13. Ne1 {[%emt 0:06:35]} a5 {[%emt 0:07:22]} 14. Nd3 {[%emt 0:01:08]} Be7 {[%emt 0:00:08]} 15. Nc5 {[%emt 0:09:36]} Ncb4 {[%emt 0:00:24]} 16. Nd2 {[%emt 0:09:24]} Bc6 {[%emt 0:05:00]} 17. Nf3 {[%emt 0:07:23]} Nf6 {[%emt 0:04:16]} 18. Nd3 {[%emt 0:04:16]} Bd5 {[%emt 0:04:12]} 19. Nxb4 {[%emt 0:11:46]} Bxb4 {[%emt 0:04:11]} 20. Qxb5 {[%emt 0:02:13]} Bxb3 {[%emt 0:00:29]} 21. Ne5 {[%emt 0:01:39]} Rb8 {[%emt 0:03:00]} 22. Qd3 {[%emt 0:01:11]} Bd5 {[%emt 0:00:43]} 23. Nc6 {[%emt 0:03:17]} Bxc6 {[%emt 0:00:08]} 24. Bxc6 {[%emt 0:00:09]} Nd5 {[%emt 0:01:35]} 25. Qc2 {[%emt 0:07:46]} Ne7 {[%emt 0:00:18]} 26. Be4 {[%emt 0:01:19]} f5 {[%emt 0:00:53]} 27. Bf3 {[%emt 0:00:44]} c6 {[%emt 0:00:27]} 28. Bxc6 {[%emt 0:01:29]} Nxc6 {[%emt 0:03:30]} 29. Qxc6 {[%emt 0:00:05]} Rb6 {[%emt 0:00:24]} 30. Qc4 {[%emt 0:00:29]} Qd6 {[%emt 0:00:22]} 31. Bc3 {[%emt 0:05:43]} Rfb8 {[%emt 0:01:02]} 32. h4 {[%emt 0:00:29]} Ba3 {[%emt 0:03:13]} 33. Bxa5 {[%emt 0:00:46]} Bxc1 {[%emt 0:09:12]} 34. Bxb6 {[%emt 0:00:04]} Qxb6 {[%emt 0:01:12]} 35. Rxc1 {[%emt 0:00:05]} Kf7 {[%emt 0:00:15]} 36. d5 {[%emt 0:01:17]} Rb7 {[%emt 0:01:18]} 37. Qc8 {[%emt 0:00:34]} Re7 {[%emt 0:00:35]} 38. Kh2 {[%emt 0:00:30]} Qd6 {[%emt 0:01:50]} 39. Rc5 {[%emt 0:00:29]} Rd7 {[%emt 0:05:21]} 40. dxe6+ {[%emt 0:00:28]} Qxe6 {[%emt 0:00:08]} 41. Rc6 {[%emt 0:00:34]} Qd5 {[%emt 0:00:18]} 42. Rc5 {[%emt 0:00:25]} Qe6 {[%emt 0:00:40]} 43. Qh8 {[%emt 0:00:32]} Kg6 {[%emt 0:01:23]} 44. Qf8 {[%emt 0:00:34]} Rf7 {[%emt 0:02:43]} 45. Qd8 {[%emt 0:00:04]} h6 {[%emt 0:00:25]} 46. Qa8 {[%emt 0:00:39]} Rf6 {[%emt 0:02:04]} 47. Qf3 {[%emt 0:00:31]} Kh7 {[%emt 0:00:07]} 48. h5 {[%emt 0:00:27]} Qf7 {[%emt 0:00:27]} 49. Re5 {[%emt 0:00:46]} Kh8 {[%emt 0:00:41]} 50. Kg1 {[%emt 0:00:21]} Kh7 {[%emt 0:01:59]} 51. g4 {[%emt 0:00:37]} g6 {[%emt 0:03:38]} 52. hxg6+ {[%emt 0:00:03]} Rxg6 {[%emt 0:00:24]} 53. Rxf5 {[%emt 0:00:19]} Qe6 {[%emt 0:00:37]} 54. Rf7+ {[%emt 0:01:08]} Kg8 {[%emt 0:00:06]} 55. Rf8+ {[%emt 0:00:04]} Kg7 {[%emt 0:00:06]} 56. Rf5 {[%emt 0:00:53]} Kh7 {[%emt 0:00:29]} 57. Kg2 {[%emt 0:00:25]} Kg7 {[%emt 0:00:31]} 58. Kg3 {[%emt 0:00:26]} Qd7 {[%emt 0:00:32]} 59. Qe4 {[%emt 0:00:26]} Qc8 {[%emt 0:02:38]} 60. Qe5+ {[%emt 0:00:48]} Kg8 {[%emt 0:00:32]} 61. f3 {[%emt 0:00:21]} Qc1 {[%emt 0:01:42]} 62. Qd5+ {[%emt 0:00:37]} Kh8 {[%emt 0:01:09]} 63. Rf8+ {[%emt 0:00:09]} Kh7 {[%emt 0:00:12]} 64. Rf7+ {[%emt 0:00:05]} 1-0